| 000 | 00414nam a2200181Ia 4500 | ||
|---|---|---|---|
| 001 | 9118 | ||
| 005 | 20260306160700.0 | ||
| 008 | 260306t2008||||xx |||||||||||||| ||spa|| | ||
| 041 | _aESP | ||
| 082 |
_a372.7 _bL83 T. 6 |
||
| 100 |
_aSantillana S.A. _eAUT |
||
| 245 | 0 | _aLógico matemática | |
| 260 | _c2008 | ||
| 300 |
_a272 páginas : _c27 cm. |
||
| 650 | _aGEN | ||
| 654 | _aCED | ||
| 942 |
_cLIB _dJUS _fJUS _2ddc _n |
||
| 999 |
_c9118 _d9118 |
||